Missing Word: Alan Rickman Quiz Stats

 Plays Quiz Updated Sep 2, 2014

Support Sporcle.
Go Orange.
Score 0/14 Timer 02:00
0 Plays Today
Alan Rickman Movie Answer % Correct
_____ in WonderlandAlice
96.1%
Harry Potter and the Sorcerer's _____Stone
95.8%
___ HardDie
93.6%
____ ActuallyLove
92.7%
____Todd: The Demon Barber of Fleet StreetSweeney
88.5%
Galaxy _____Quest
74.2%
Quigley Down _____Under
73.2%
Alan Rickman Movie Answer % Correct
_____, Madly, DeeplyTruly
65.9%
_______ CollinsMichael
41.8%
An Awfully Big _________Adventure
21.7%
Perfume: The Story of a ________Murderer
19.3%
Bottle _____Shock
10.8%
____ CakeSnow
7.7%
_____ KissJudas
5.3%

Today's Daily Dose

You're not logged in!

Compare scores with friends on all Sporcle quizzes.
OR
Log In

From the Vault

Remove Ads.
Support Sporcle.
Get the best of Sporcle when you Go Orange. This ad-free experience offers more features, more stats, and more fun while also helping to support Sporcle. Thank you for becoming a member.

Show Comments

Extras

Top Quizzes Today


Score Distribution

Your Account Isn't Verified!

In order to create a playlist on Sporcle, you need to verify the email address you used during registration. Go to your Sporcle Settings to finish the process.

Report this User

Report this user for behavior that violates our Community Guidelines.

Details: